<?xml version="1.0" encoding="UTF-8"?>
<record
    xmlns:xsi="http://www.w3.org/2001/XMLSchema-instance"
    xsi:schemaLocation="http://www.loc.gov/MARC21/slim http://www.loc.gov/standards/marcxml/schema/MARC21slim.xsd"
    xmlns="http://www.loc.gov/MARC21/slim">

  <leader>01868nam a2200385 i 4500</leader>
  <controlfield tag="001">166564</controlfield>
  <controlfield tag="003">ES-MaACL</controlfield>
  <controlfield tag="005">20250808072357.0</controlfield>
  <controlfield tag="008">050915q1860    fr a   | |||||||| ||fre d</controlfield>
  <datafield tag="040" ind1=" " ind2=" ">
    <subfield code="a">CAM </subfield>
    <subfield code="b">spa </subfield>
    <subfield code="c">CAM</subfield>
  </datafield>
  <datafield tag="080" ind1=" " ind2=" ">
    <subfield code="a">94(44)"1610/43"</subfield>
  </datafield>
  <datafield tag="080" ind1=" " ind2=" ">
    <subfield code="a">94(44)"1643/1715"</subfield>
  </datafield>
  <datafield tag="080" ind1=" " ind2=" ">
    <subfield code="a">94(44)"1715/92"</subfield>
  </datafield>
  <datafield tag="100" ind1="1" ind2=" ">
    <subfield code="a">Touchard-Lafosse, Georges,</subfield>
    <subfield code="d">1780-1847</subfield>
    <subfield code="e">aut</subfield>
    <subfield code="9">133349</subfield>
  </datafield>
  <datafield tag="245" ind1="1" ind2="0">
    <subfield code="a">Chroniques de l'Oeil-de-boeuf, des petits appartements de la Cour et des salons de Paris, sous Louis XIV, la R&#xE9;gence, Louis XV et Louis XVI /</subfield>
    <subfield code="c">par G. Touchard-Lafosse</subfield>
  </datafield>
  <datafield tag="250" ind1=" " ind2=" ">
    <subfield code="a">Nouvelle &#xE9;dition augment&#xE9;e du r&#xE8;gne de Louis XIII / illustr&#xE9;e par Janet-Lange.</subfield>
  </datafield>
  <datafield tag="260" ind1=" " ind2=" ">
    <subfield code="a">Paris : </subfield>
    <subfield code="b">Librairie Gustave Barba, </subfield>
    <subfield code="c">[ca. 1860] </subfield>
    <subfield code="f">(Typ. Gaittet)</subfield>
  </datafield>
  <datafield tag="300" ind1=" " ind2=" ">
    <subfield code="a">[4], 320, [4], 328 p&#xE1;ginas : </subfield>
    <subfield code="b">ilustraciones ; </subfield>
    <subfield code="c">30 cm.</subfield>
  </datafield>
  <datafield tag="500" ind1=" " ind2=" ">
    <subfield code="a">Pr&#xE9;c&#xE9;d&#xE9; d'une notice sur l'auteur par &#xC9;mile de La B&#xE9;dolli&#xE8;re. D'apr&#xE8;s cette notice, les chapitres relatifs &#xE0; Louis XIII.</subfield>
  </datafield>
  <datafield tag="530" ind1=" " ind2=" ">
    <subfield code="a">Disponible en formato digital</subfield>
  </datafield>
  <datafield tag="600" ind1="0" ind2="4">
    <subfield code="a">Luis </subfield>
    <subfield code="b">XIII,</subfield>
    <subfield code="c">Rey de Francia</subfield>
    <subfield code="9">129133</subfield>
  </datafield>
  <datafield tag="600" ind1="0" ind2="4">
    <subfield code="a">Luis </subfield>
    <subfield code="b">XIV,</subfield>
    <subfield code="c">Rey de Francia</subfield>
    <subfield code="9">74697</subfield>
  </datafield>
  <datafield tag="600" ind1="0" ind2="4">
    <subfield code="a">Luis </subfield>
    <subfield code="b">XV, </subfield>
    <subfield code="c">Rey de Francia</subfield>
    <subfield code="9">152777</subfield>
  </datafield>
  <datafield tag="600" ind1="0" ind2="7">
    <subfield code="a">Luis </subfield>
    <subfield code="b">XVI, </subfield>
    <subfield code="c">Rey de Francia</subfield>
    <subfield code="9">152778</subfield>
  </datafield>
  <datafield tag="650" ind1=" " ind2="4">
    <subfield code="a">Corte y cortesanos-</subfield>
    <subfield code="z">Francia.</subfield>
    <subfield code="9">151835</subfield>
  </datafield>
  <datafield tag="651" ind1=" " ind2="4">
    <subfield code="a">Francia-</subfield>
    <subfield code="x">Historia-</subfield>
    <subfield code="y">1610-1643, Luis XIII</subfield>
    <subfield code="9">161635</subfield>
  </datafield>
  <datafield tag="651" ind1=" " ind2="4">
    <subfield code="a">Francia-</subfield>
    <subfield code="x">Historia-</subfield>
    <subfield code="y">1643-1715, Luis XIV</subfield>
    <subfield code="9">8682</subfield>
  </datafield>
  <datafield tag="651" ind1=" " ind2="4">
    <subfield code="a">Francia-</subfield>
    <subfield code="x">Historia-</subfield>
    <subfield code="y">1715-1792</subfield>
    <subfield code="9">8702</subfield>
  </datafield>
  <datafield tag="700" ind1="1" ind2=" ">
    <subfield code="a">Janet-Lange,</subfield>
    <subfield code="d">1815-1872</subfield>
    <subfield code="e">ill</subfield>
    <subfield code="9">241218</subfield>
  </datafield>
  <datafield tag="852" ind1=" " ind2=" ">
    <subfield code="a">ES-MaACL</subfield>
    <subfield code="c">DEPO</subfield>
    <subfield code="g">Firma de Eugenio Ag&#xFC;era</subfield>
    <subfield code="h">Legado Goyeneche </subfield>
    <subfield code="j">R-1704(1) </subfield>
    <subfield code="x">Holandesa</subfield>
    <subfield code="x">Enc. en un vol. facticio </subfield>
  </datafield>
  <datafield tag="856" ind1="4" ind2=" ">
    <subfield code="u">https://gallica.bnf.fr/ark:/12148/bpt6k5830708g</subfield>
    <subfield code="y">Versi&#xF3;n en l&#xED;nea</subfield>
    <subfield code="z">Gallica (Biblioth&#xE8;que nationale de France) </subfield>
  </datafield>
  <datafield tag="942" ind1=" " ind2=" ">
    <subfield code="c">MONANT</subfield>
    <subfield code="n">0</subfield>
  </datafield>
  <datafield tag="999" ind1=" " ind2=" ">
    <subfield code="c">166564</subfield>
    <subfield code="d">166564</subfield>
  </datafield>
  <datafield tag="952" ind1=" " ind2=" ">
    <subfield code="0">0</subfield>
    <subfield code="1">0</subfield>
    <subfield code="2">udc</subfield>
    <subfield code="4">0</subfield>
    <subfield code="7">0</subfield>
    <subfield code="8">LIBXIX</subfield>
    <subfield code="a">ATENEOM</subfield>
    <subfield code="b">ATENEOM</subfield>
    <subfield code="c">DEPO</subfield>
    <subfield code="d">2008-01-17</subfield>
    <subfield code="e">LEGADO</subfield>
    <subfield code="l">0</subfield>
    <subfield code="o">R-1704(1)</subfield>
    <subfield code="p">1174695</subfield>
    <subfield code="r">2023-02-23 00:00:00</subfield>
    <subfield code="y">MONANT</subfield>
  </datafield>
</record>
